Loading...
Bhartiya aadim lok sahitya
| Hovedforfatter: | |
|---|---|
| Format: | Printed Book |
| Udgivet: |
Abhay Prakashan
|
| LEADER | 00323 a2200097 4500 | ||
|---|---|---|---|
| 020 | |a 9789380719474 | ||
| 100 | |a Saawan, Shashikant Sonwane | ||
| 245 | |a Bhartiya aadim lok sahitya | ||
| 260 | |b Abhay Prakashan | ||
| 999 | |c 343555 |d 343555 | ||
| 952 | |0 0 |1 0 |4 0 |7 0 |9 394659 |a UL |b UL |c PROC |d 2019-09-16 |g 1256.00 |l 0 |p 101001 |r 2019-09-16 |v 1795.00 |w 2019-09-16 |y BK | ||